El fotolibro (Record no. 76796)

MARC details
000 -LEADER
campo de control de longitud fija 00660nam a2200193 i 4500
001 - NÚMERO DE CONTROL
campo de control 76796
003 - IDENTIFICADOR DE NÚMERO DE CONTROL
campo de control ES-MaACL
005 - FECHA Y HORA DE LA ÚLTIMA TRANSACCIÓN
campo de control 20250728042309.0
007 - CAMPO FIJO DE DESCRIPCIÓN FÍSICA--INFORMACIÓN GENERAL
campo de control de longitud fija t|
008 - DATOS DE LONGITUD FIJA--INFORMACIÓN GENERAL
campo de control de longitud fija 041005s1957 sp af |||| | spa d
100 1# - ENTRADA PRINCIPAL--NOMBRE DE PERSONA
Nombre de persona Guida, S.
9 (RLIN) 60653
245 13 - MENCIÓN DEL TÍTULO
Título El fotolibro
Resto del título : prisma nº 3 : guía enciclopédica para aficionados y profesionales de la fotografía /
Mención de responsabilidad, etc. S. Guida ; [traducido por Ramón Fortet Gay].
260 ## - PUBLICACIÓN, DISTRIBUCIÓN, ETC.
Lugar de publicación, distribución, etc. Barcelona :
Nombre del editor, distribuidor, etc. Hoepli,
Fecha de publicación, distribución, etc. 1957 (
Fabricante Clarasó)
300 ## - DESCRIPCIÓN FÍSICA
Extensión 383 p., 4 lám. :
Otras características físicas il. ;
Dimensiones 20 cm.
650 #7 - PUNTO DE ACCESO ADICIONAL DE MATERIA--TÉRMINO DE MATERIA
Término de materia o nombre geográfico como elemento de entrada Fotografía-
Subdivisión general Técnica
Fuente del encabezamiento o término
9 (RLIN) 150981
700 1# - ENTRADA AGREGADA--NOMBRE PERSONAL
Nombre de persona Fortet Gay, Ramón.
9 (RLIN) 51856
852 ## - LOCALIZACIÓN
Ubicación ES-MaACL
Número de control de estantería C-12973
Holdings
Estatus retirado Estado de pérdida Estado de daño No para préstamo Biblioteca de origen Biblioteca actual Ubicación en estantería Fecha de adquisición Fuente de adquisición Total de préstamos Signatura topográfica completa Código de barras Visto por última vez Precio de reemplazo Tipo de ítem Koha
        Biblioteca del Ateneo de Madrid Biblioteca del Ateneo de Madrid Sala Palomar 17/01/2008     C-12973 1080355 23/02/2023 23/02/2023 Libro impreso